000 00887nam a22002177a 4500
003 AR-RoIUNI
005 20221219144312.0
008 221219b xxu||||| |||| 00| 0 spa d
040 _cIUNIR
080 _a001
100 1 _aLovotti, Antonella Lucía
245 1 _aBiomarcadores, ferritina y dímero D como predictores de mortalidad en pacientes con insuficiencia respiratoria Covid 19 positivos en terapia intensiva del Sanatorio Británico
_cAntonella Lucía Lovotti, [director] Dr. Germán Schmukler,[co-director] Dra. Antonela Baialardo
260 _aRosario
_bIUNIR
_c2022
300 1 _a33 p.
_c30 cm.
490 _aCarrera de especialización en Terapia Intensiva
650 1 4 _aInsuficiencia respiratoria
650 1 0 _9341
_aTerapia Intensiva
700 1 _aSchmukler, Germán
_eDirector
830 _9580
_aCarrera de especialización en Terapia Intensiva
942 _2cdu
_cESP
999 _c5513
_d5513